000 02558nam a2200265Ia 4500
003 OSt
005 20211116151114.0
008 210310t2011 sp a fr 000 0dspa d
020 _a9788483195932
040 _aCO-JMCR
_cCO-JMCR
041 0 _aspa
082 0 4 _a338.9007 /
_bT129d
_223
100 1 _aTaibo, Carlos,
_918326
_eautor
245 1 3 _aEl decrecimiento explicado con sencillez /
_cCarlos Taibo ; [ilustraciones de Pepe Medina]
260 _aMadrid :
_bLos libros de la Catarata,
_c2011
300 _a134 páginas :
_bilustraciones a blanco y negro ;
_c21 cm.
500 _aIncluye datos biográficos del autor.
504 _aBibliografía: páginas 133-134
505 0 _a¿Tan bueno y saludable es el crecimiento económico? -- ¿El hechizo de las grandes cifras -- ¿Las miserias del producto interior bruto -- Los grandes problemas de principios del siglo xxi -- La huella ecológica -- Crecimiento, consumo y bienestar -- La propuesta del decrecimiento -- El arraigo de los principios del decrecimiento -- Menos complejos, menos urbanos -- Decrecimiento y demografía -- Que podemos hacer? -- Decrecimiento y países del sur -- Salir del capitalismo -- Las críticas al decrecimiento -- La tecnología salvadora -- Los movimientos por el decrecimiento -- Cinco ejemplos de ahora -- Las crisis de principios del siglo xxi -- Hitler como precursor -- Sobre el término “decrecimiento” -- Epilogo defensa de los libros
520 3 _aEl objetivo de este libro es ofrecer una introducción rápida y comprensible del decrecimiento y, con ella, y de manera más general, contribuir a la difusión de muchos de los elementos que configuran la visión crítica del mundo contemporáneo que nace del ecologismo radical. La explicación del proyecto del decrecimiento que aquí se recoge parte de la certeza de que éste exige, por necesidad, salir del capitalismo. Se asienta, por añadidura, en la intuición de que, junto a cambios imprescindibles en nuestra conducta individual, hay que perfilar movimientos que peleen por modificar radicalmente muchas de las reglas del juego imperantes en nuestras sociedades. Y hay que hacerlo para escapar de nuestra condición de estas horas, la de genuinos esclavos de los tiempos modernos, subyugados por los mitos del crecimiento, el consumo. la productividad, la competitividad y las tecnologías liberadoras.
650 1 4 _aCrecimiento negativo (economía)
_918328
_zEspaña
650 2 4 _aHistoria económica
_zEspaña
_941534
700 1 _aMedina, Pepe,
_eilustrador
_941535
942 _2ddc
_cBK
999 _c8801
_d8801